Представление документа в формате RUSMARC

ПолеНазваниеЗначение
  Тип записи a
  Библиографический уровень a
001 Контрольный номер 0c814c02e051405eadf1ac1f09fd52c6
005 Дата корректировки 20250909170146.6
100 Данные общей обработки __
a Данные общей обработки 20250909 ||| 0rusy0189 ca
101 Язык документа 0_
a Язык текста rus
102 Страна публикации __
a Страна публикации RU
200 Заглавие и сведения об ответственности 1_
a Заглавие У Ирины Александровны Шумилкиной - день рождения!
e Сведения, относящиеся к заглавию [представлены иллюстрации художницы]
461 Уровень набора _0
1 2000
a Мурзилка
463 Уровень физической единицы _0
1 2000
b Текст
a № 9
v С. 12-13 : ил., фот.
1 2101
d 2025
1 001360852d40c69465195c966c7c23e1427
600 Персоналии _1
a Персоналии (Фамилия) Шумилкина
g Полное имя Ирина Александровна
606 Тематические рубрики 0_
a Основная рубрика Графика России. Жизнь и деятельность художников-графиков
610 Ключевые слова 0_
a Ключевые слова русская живопись, русская графика, художники-графики, художники-иллюстраторы, иллюстраторы детских книг, детская литература, детские журналы, Мурзилка (журнал), иллюстрации
686 Индексы других классификаций __
a Классификационный индекс 85.153(2)
801 Источник записи _0
a Страна RU
b Организация УОБДЮ
c Дата составления 20250909
g Правила каталогизации RCR
801 Источник записи _1
a Страна RU
b Организация УОБДЮ
c Дата составления 20250909
g Правила каталогизации RCR
901 Тип документа __
t Тип документа b
w Контрольный № источника 360852d40c69465195c966c7c23e1427
905 Данные по созданию БЗ __
b Логин пользователя, который создал БЗ ibo3